[Event "Wch U12 Girls blitz"]
[Site "Minsk"]
[Date "2018.06.24"]
[Round "3"]
[White "Shaban, Aliaksandra"]
[Black "Yaroshenko, Sofiya"]
[Result "1-0"]
[WhiteElo "1639"]
[BlackElo "1491"]
[PlyCount "123"]
[EventDate "2018.06.24"]
[EventType "swiss (blitz)"]
[EventRounds "9"]
[EventCountry "BLR"]
[SourceTitle "EXT 2019"]
[Source "ChessBase"]
[SourceDate "2018.10.10"]
[SourceVersion "1"]
[SourceVersionDate "2018.10.10"]
[SourceQuality "1"]

1. d4 d5 2. c4 e6 3. Nc3 Nf6 4. e3 Nbd7 5. Nf3 Be7 6. Bd3 dxc4 7. Bxc4 c5 8. 0-0 0-0 9. b3 b6 10. Bb2 Bb7 11. Qe2 cxd4 12. Nxd4 Nc5 13. Rfd1 Qc8 14. Rac1 Nfd7 15. b4 Na6 16. a3 Nc7 17. Ncb5 Bd8 18. Nd6 Qb8 19. Nxb7 Qxb7 20. Bb3 Nf6 21. Nc6 Ncd5 22. Nxd8 Rfxd8 23. Ba2 Rac8 24. Bb1 Rxc1 25. Rxc1 Rc8 26. Rd1 Kf8 27. Qf3 Qa8 28. h3 Ne7 29. Bxf6 gxf6 30. Qxf6 Ng8 31. Qh4 h6 32. Qd4 Qc6 33. Be4 Qe8 34. g3 b5 35. Qxa7 Ne7 36. Qd4 Rc4 37. Qh8+ Ng8 38. Qe5 Rc8 39. Qh8 Rc4 40. Bh7 Rc8 41. Qxg8+ Ke7 42. Qxe8+ Rxe8 43. Be4 Rc8 44. Rd3 Rc1+ 45. Kg2 Ra1 46. Bc6 Rc1 47. Bxb5 Rc7 48. a4 Rb7 49. Rc3 Kd6 50. f4 Re7 51. e4 e5 52. Rc6+ Kd7 53. Rxh6+ Kd8 54. f5 Kc7 55. g4 Kd8 56. a5 Kc7 57. a6 Kb8 58. Rb6+ Ka7 59. Rb7+ Ka8 60. Rxe7 Kb8 61. a7+ Ka8 62. Bc6# 1-0